000 00844nam a2200265 i 4500
003 DO-SdBNP
005 20260216130841.0
007 ta
008 260216b2016 dr ||||| |||| 00| 0 spa d
020 _a9789945892369
040 _aDO-SdBNP
_bspa
_cBNPHU
_erda
041 _aspa
082 4 _axxx
_bA545m
_222
100 _aAnderson, John,
_eautor
_4aut.
_989025
245 1 0 _aMinisterio de amor :
_bcrecimiento, leche espiritual y alimento sólido /
_cJohn Anderson
264 4 _aSanto Domingo :
_bEditora Tele-3,
_c©2016.
300 _a147 páginas ;
_c22 cm.
336 _atexto
_btxt
_2rdacontent
337 _asin mediación
_bn
_2rdamedia
338 _avolumen
_bnc
_2rdacarrier
500 _aIncluye datos biográficos del autor en la solapa de la cubierta
590 _aInventariado, 2026/BT
910 _aBtavárez
942 _2ddc
_cLBS1
999 _c60330
_d60330